MDQL
is popping MORE tags! Check the
thread
!
Quizzes
Events
Quiz Creation
Community
Videos
Private Events
Remove Ads
Sign In
Join for FREE
Feedback
Dark Mode
Quiz Categories
Sports
Geography
Music
Movies
Television
Just For Fun
Miscellaneous
History
Literature
Language
Science
Gaming
Entertainment
Religion
Holiday
For Kids
Quiz Lab
Recent
Popular Today
Quiz Kudos Today
Editor Picks
Curator Picks
Quizzes by...
Day
Popularity
Type
Ratings
Length
Year
Community
Subscriptions
Recent Discussions
Orange Saloon
Badges
Playlists
Quests
Create
Leaderboards
Showdown
Live 5
Trivia Bingo
Activity
Puzzle Library
Sporcle Events
Private Events
Virtual Trivia
Globe League
Become a Host
Pub Owners
SporcleCon
Opinionation
Our Games
Videos
Blog
Mobile Apps
Partnerships
Remove Ads and Go Orange
Feedback
Language
Vocabulary
Begins and Ends
Definition
Spanish
French
German
Italian
Chinese
Latin
Translation
Japanese
Language
Vocabulary
Begins and Ends
Definition
Spanish
French
German
Italian
Chinese
Latin
Translation
Japanese
Random Quiz
Search Sporcle
×
Quiz Lab
Quiz Lab
Language
French
Type in answers that appear in a list
Type in answers that appear in a list
Classic
Best Score? Go Orange.
Dr and Mrs Vandertrampp verbs Stats
Can you name the Dr and Mrs Vandertrampp verbs?
By
christopherbown8
5m
51 Questions
67 Plays
67 Plays
67 Plays
Comments
Comments
Give Quiz Kudos
Give Quiz Kudos
-
- Ratings
hide this ad
More Info
Replay
Link that replays current quiz
Next Quiz
Link to next quiz in quiz playlist
You Got
0%
They Got
Avg Score
50%
Avg Friend Score
Upgrade to see
Score Distribution
Jump to the score distribution portion of the page
Score
0/51
Timer
05:00
0
Plays Today
Hint
Answer
% Correct
D-
Infinitive
Devenir
95.5%
D-
Past participle
Devenu
91%
R-
Infinitive
Revenir
89.6%
R-
Past participle
Revenu
82.1%
M-
Infinitive
Monter
76.1%
M-
Infinitive
Mourir
74.6%
V-
Infinitive
Venir
67.2%
M-
Past participle
Mort
65.7%
R-
Infinitive
Retourner
64.2%
A-
Infinitive
Aller
64.2%
P-
Past participle
Parti
64.2%
S-
Infinitive
Sortir
62.7%
S-
Past participle
Sorti
62.7%
V-
Past participle
Venu
62.7%
D-
Infinitive
Descendre
61.2%
P-
Infinitive
Partir
61.2%
R-
Infinitive
Rentrer
58.2%
D-
English translation
Became
56.7%
D-
Past participle
Descendu
56.7%
T-
Infinitive
Tomber
56.7%
E-
Infinitive
Entrer
55.2%
R-
Infinitive
Rester
55.2%
P-
Infinitive
Passer
55.2%
N-
Infinitive
Naître
53.7%
V-
English translation
Came
50.7%
R-
English translation
Returned
49.3%
Hint
Answer
% Correct
A-
English translation
Went
49.3%
A-
Infinitive
Arriver
47.8%
M-
English translation
Died
46.3%
R-
English translation
Came back
41.8%
M-
Past participle
Montè
41.8%
N-
Past participle
Nè
38.8%
R-
Past participle
Retournè
37.3%
A-
English translation
Arrived
37.3%
T-
Past participle
Tombè
37.3%
A-
Past participle
Arrivè
35.8%
T-
English translation
Fell
35.8%
A-
Past participle
Allè
35.8%
P-
English translation
Left
35.8%
P-
Past participle
Passè
35.8%
N-
English translation
Was born
34.3%
M-
English translation
Went up
32.8%
E-
Past participle
Entrè
32.8%
E-
English translation
Entered
32.8%
S-
English translation
Went out
31.3%
R-
Past participle
Rentrè
31.3%
D-
English translation
Went down
29.9%
R-
Past participle
Restè
29.9%
P-
English translation
Passed
28.4%
R-
English translation
Stayed
19.4%
R-
English translation
Went back in
14.9%
Quiz Playlist
Details
Report
Send in Message
Add To Playlist
More Info:
Write in the infinitve, past participle and english translation for each of the DR MRS VANDERTRAMPP verbs.
Classic:
Type in answers that appear in a list
Last Updated: Feb 16, 2017
Quiz Scoreboard
CHALLENGE
Sign Up to Join the Scoreboard
Show All
Scores
Hide
Comments
May contain spoilers
Recently Published
Two Season TV Shows II
by 123Four
Television
10m
Image Sorting: Flags VI
by Barbecue
Geography
2m
Find the 'City' Movie
by crazypaving
Movies
60s
More to Explore
Quiz From the Vault
Featured Blog Post
14 Easter Pick-up Lines to Find Eggs With
hide this ad
You Might Also Like...
Tags
French Quiz
Today's Top Quizzes in Language
Browse Language
hide this ad
Today's Top Quizzes in French
Browse French
Top Contributed Quizzes in Language
1
What Word Starts All?
2
1-10 Letter F Words III
3
1-10 Letter G Words III
4
Weisst du, aus welchen Sprachen diese Wörter stammen?
5
1-10 Letter H Words III
6
Harry Potter book 6 chapters: English & Greek
7
Arabic Numerals
8
One Thing in Common: Italy
9
1-10 Letter I Words III
10
Celtic Nations in their Language
Explore More
Trending Topics
Harry Potter
Kpop
Disney
NBA
Marvel
Crossword
Anime
Country
Soccer
Puzzle
NFL
The Office
Song
WWE
Pokémon
hide this ad
More By:
christopherbown8
Quiz
Plays
Rating
Category
Featured
Created
GCSE Research methods test
319
Miscellaneous
Nov 26, 2016
GCSE Psychology Social influence quiz
289
Miscellaneous
Dec 1, 2016
GCSE psychology sex and Gender quiz
221
Miscellaneous
Dec 3, 2016
Judaism Questions
157
4.36
Religion
Oct 10, 2016
GCSE psychology Aggression quiz
84
Miscellaneous
Dec 4, 2016
Go to Creator's Profile
Score Distribution
Quiz Creator Spotlight
christopherbown8
Follow
Send a Message
Quizzes Created
-
Created Quiz Play Count
-
More By This Creator
Popular Quizzes Today
1
Find the US States - No Outlines Minefield
2
Colored Red Africa Blitz
3
Find the 'City' Movie
4
5x2 Blitz: Bands
5
The Countries of the World
6
Find the Countries of Europe - No Outlines Minefield
7
Find the US States
8
US States
More Language Quizzes
Vocabulary Blitz XIV
Published
Trending Quizzes
Colored Red Europe Blitz I
Colored Red Africa Blitz II
Colored Red Europe Blitz II
Even More Two Season TV Shows
Colored Red Africa Blitz III
Recently Updated
March Madness Men's Triple Doubles
pecheneg
How Do You Spell That?
pecheneg
Godzilla Movies
pecheneg
Grab Bag: 4-10 Letters
pecheneg
2024 March Madness Bracket
pecheneg
Famous TV Couples
Peacemaker
Champions League XIs: Real Madrid
pecheneg
Largest US Cities 1790-2010
pecheneg
Rides in Walt Disney World
pecheneg
Most Oscar Losses (Acting)
pecheneg
Trending Topics
Kpop
Marvel
Harry Potter
Disney
Crossword
Anime
NBA
NFL
Country
Song
Puzzle
Soccer
The Office
Pokémon
WWE
Your Account Isn't Verified!
In order to create a playlist on Sporcle, you need to verify the email address you used during registration. Go to your
Sporcle Settings
to finish the process.
Report this User
Report this user for behavior that violates our
Community Guidelines
.
Details:
Send Report
Go to the Sporcle.com Mobile Site →
Comments